[Event "Wch Seniors 07th"]
[Site "Bad Wildbad"]
[Date "1997.??.??"]
[Round "3"]
[White "Bachmann, Horst"]
[Black "Hendry, Ian L"]
[Result "1-0"]
[WhiteElo "2140"]
[BlackElo "1687"]
[PlyCount "63"]
[EventDate "1997.11.13"]
[EventType "swiss"]
[EventRounds "11"]
[EventCountry "GER"]
[SourceTitle "EXT 1999"]
[Source "ChessBase"]
[SourceDate "1998.11.16"]
[SourceVersion "1"]
[SourceVersionDate "1998.11.16"]
[SourceQuality "1"]

1. d4 e6 2. c4 c5 3. d5 exd5 4. cxd5 d6 5. Nc3 Nf6 6. Nf3 Be7 7. e4 0-0 8. Bd3 Bg4 9. 0-0 Nbd7 10. Be2 Bxf3 11. Bxf3 Ne5 12. Be2 a6 13. a4 Qc8 14. h3 Rb8 15. f4 Ng6 16. Qe1 c4 17. Bf3 b5 18. axb5 axb5 19. e5 dxe5 20. fxe5 Bc5+ 21. Kh1 Re8 22. Qg3 Nxe5 23. Bf4 Bd6 24. Rae1 Qc7 25. Ne4 Nxe4 26. Rxe4 f6 27. Bg4 Nf7 28. Be6 Bxf4 29. Rexf4 Kf8 30. Rxf6 Qxg3 31. Rxf7+ Kg8 32. Rf8# 1-0